000 00394nam a2200157Ia 4500
008 210716s2011 xx 000 0 und d
020 _a9780749462789
041 _aeng
082 _a651.73 THET
100 _aTheobald, Theo.
245 _aDevelop your presentation skills.
250 _a1
260 _aNew Delhi
_bKogan Page
_c2011
300 _avi,158
650 _aBusiness Communication
999 _c207136
_d207136